000 00199 a2200097 4500
001 6087
100 _aWillows, R S
245 _aText book of physics.
260 _a
_bEdward
_c
090 _c4985
_d4985
942 _aNUST-CAE
_cM
_c31361
999 _c241160
_d241160